[Event "1st Bristol NY Open Tournament"]
[Site "Bristol Bridge & Clifton Chess"]
[Date "2024.12.30"]
[Round "7.7"]
[White "Ashworth, Michael J"]
[Black "Northam, Lawrence"]
[Result "1-0"]
[WhiteElo "2011"]
[BlackElo "1567"]
[PlyCount "85"]
[GameId "2138255546696146"]
[EventDate "2024.12.27"]
[SourceTitle "Bristol_NY24_Fide_Open"]
[Source "David Tipper"]
[SourceDate "2025.02.16"]
[SourceVersion "1"]
[SourceVersionDate "2025.02.16"]
[SourceQuality "2"]

1. d4 d5 2. c4 e6 3. Nc3 Nf6 4. cxd5 exd5 5. Bg5 c6 6. Qc2 Be7 7. e3 Nbd7 8. Bd3 Nf8 9. Nf3 Ne6 10. Bh4 h6 11. Ne5 Nd7 12. Bg3 Nxe5 13. Bxe5 Bf6 14. Bg3 O-O 15. O-O g6 16. Rac1 Ng7 17. b4 Bf5 18. b5 Rc8 19. bxc6 Rxc6 20. Bxf5 Nxf5 21. Qb3 Qc8 22. Ne2 Rd8 23. Rxc6 Qxc6 24. Rc1 Qa6 25. Nf4 h5 26. Nxd5 Bxd4 27. Nc7 Qb6 28. exd4 Qxd4 29. Nb5 Qd2 30. Qb1 a6 31. Nc3 Nd4 32. f3 Rc8 33. Be1 Ne2+ 34. Nxe2 Rxc1 35. Qxc1 Qxe2 36. Qd2 Qe6 37. Bf2 b5 38. h3 Qc4 39. Bd4 b4 40. Bb2 Qc5+ 41. Qd4 Qxd4+ 42. Bxd4 a5 43. Kf2 1-0

[Event "1st Bristol NY Open Tournament"]
[Site "Bristol Bridge & Clifton Chess"]
[Date "2024.12.30"]
[Round "7.8"]
[White "Hill, Alistair"]
[Black "Plotnikov, Dmytro"]
[Result "1/2-1/2"]
[WhiteElo "2107"]
[BlackElo "1712"]
[PlyCount "152"]
[GameId "2138255546696147"]
[EventDate "2024.12.27"]
[SourceTitle "Bristol_NY24_Fide_Open"]
[Source "David Tipper"]
[SourceDate "2025.02.16"]
[SourceVersion "1"]
[SourceVersionDate "2025.02.16"]
[SourceQuality "2"]

1. d4 Nf6 2. c4 e6 3. Nf3 b6 4. g3 Bb7 5. Bg2 c5 6. d5 exd5 7. cxd5 Bxd5 8. Nc3 Bc6 9. e4 Be7 10. Nh4 O-O 11. O-O Ne8 12. Nf5 Bf6 13. Bf4 g6 14. Nh6+ Kg7 15. Qd2 Kh8 16. Rad1 Bg7 17. Rfe1 f6 18. h4 Na6 19. Bf1 Nac7 20. Bc4 Bxh6 21. Bxh6 Ng7 22. Qd6 b5 23. Nd5 Nce6 24. Bf1 Rf7 25. Nf4 Nxf4 26. Bxf4 Qe7 27. Qd2 Qe8 28. Bg2 Ne6 29. Be3 a6 30. f4 c4 31. Qc3 Qf8 32. e5 Bxg2 33. Kxg2 fxe5 34. Rd5 Kg8 35. Rxe5 Qd6 36. Re2 Qc6+ 37. Kh2 Rb8 38. a3 Re8 39. Bd2 Qd6 40. Qe3 Qc6 41. Bc3 Rc8 42. Kg1 Rb8 43. h5 Qb6 44. Qxb6 Rxb6 45. Rh2 Nf8 46. Re8 Re6 47. Ra8 Re3 48. Kf2 Re6 49. hxg6 Rxg6 50. Kf3 Rd6 51. Rh5 h6 52. Be5 Rd3+ 53. Kg4 d6 54. Bc3 Kh7 55. Rxa6 Ng6 56. Rxb5 Ne7 57. Ra7 Kg6 58. Rbb7 Nf5 59. Be1 Rf6 60. Ra8 h5+ 61. Kh3 Re6 62. Rg8+ Kh6 63. Rh8+ Kg6 64. Rg8+ Kh6 65. Rg5 Rxe1 66. Rxf5 Kg6 67. Rg5+ Kf6 68. Rc7 Rd2 69. Rxh5 Rh1+ 70. Kg4 Rxh5 71. Kxh5 d5 72. Rc8 Rxb2 73. Rf8+ Ke7 74. Rc8 Kd7 75. Rc5 Kd6 76. Rc8 Kd7 1/2-1/2

[Event "1st Bristol NY Open Tournament"]
[Site "Bristol Bridge & Clifton Chess"]
[Date "2024.12.30"]
[Round "7.9"]
[White "Pugh, Derek C"]
[Black "Plotnikov, Matvii"]
[Result "1-0"]
[WhiteElo "2033"]
[BlackElo "1640"]
[PlyCount "75"]
[GameId "2138255546696148"]
[EventDate "2024.12.27"]
[SourceTitle "Bristol_NY24_Fide_Open"]
[Source "David Tipper"]
[SourceDate "2025.02.16"]
[SourceVersion "1"]
[SourceVersionDate "2025.02.16"]
[SourceQuality "2"]

{[%evp 0,47,11,-5,26,70,37,34,64,49,53,63,65,58,85,111,117,91,104,93,96,110,123,68,84,39,65,27,19,26,21,26,166,31,227,209,140,183,151,241,304,364,199,287,267,-10,28,116,157,141]} 1. Nc3 f5 2. e4 fxe4 3. d3 g6 4. dxe4 Bg7 5. Nf3 Nc6 6. Bc4 e6 7. Bg5 Bf6 8. h4 h6 9. Bf4 Bxc3+ 10. bxc3 Qf6 11. Qd2 d6 12. Rb1 a6 13. O-O Na5 14. Be2 e5 15. Bg3 Ne7 16. Rfd1 b6 17. Nxe5 dxe5 18. Qd8+ Kf7 19. Qxc7 Nac6 20. Rd6 Be6 21. Bc4 Rhc8 22. Rxe6 Rxc7 23. Rxc6+ Kg7 24. Rxf6 Kxf6 25. Rxb6+ Rc6 26. Rb4 a5 27. Ra4 Rc5 28. f3 Nc8 29. Bd5 Nb6 30. Ra3 Nxd5 31. exd5 a4 32. c4 Rxc4 33. Re3 Re8 34. c3 Rc5 35. Re4 a3 36. c4 Rec8 37. Bxe5+ Kf5 38. g4# 1-0

[Event "1st Bristol NY Open Tournament"]
[Site "Bristol Bridge & Clifton Chess"]
[Date "2024.12.30"]
[Round "7.10"]
[White "Ashworth, Robert M"]
[Black "Dilleigh, Stephen P"]
[Result "1-0"]
[WhiteElo "1860"]
[BlackElo "2040"]
[PlyCount "71"]
[GameId "2138255546696149"]
[EventDate "2024.12.27"]
[SourceTitle "Bristol_NY24_Fide_Open"]
[Source "David Tipper"]
[SourceDate "2025.02.16"]
[SourceVersion "1"]
[SourceVersionDate "2025.02.16"]
[SourceQuality "2"]

1. e4 e6 2. d4 d5 3. Nd2 c5 4. exd5 exd5 5. Ngf3 Nf6 6. Bb5+ Bd7 7. Bxd7+ Nbxd7 8. O-O Be7 9. Re1 O-O 10. Nf1 Re8 11. Ng3 Qb6 12. Rb1 Bf8 13. Be3 c4 14. Ne5 Qa6 15. Nxd7 Nxd7 16. Qd2 Nf6 17. f3 b5 18. a3 Qc6 19. Bf4 g6 20. Rxe8 Rxe8 21. Re1 Rxe1+ 22. Qxe1 Qe6 23. Qd2 Ne8 24. Ne2 Bd6 25. Bxd6 Nxd6 26. Nf4 Qf5 27. g4 Qg5 28. Qe3 c3 29. b3 a5 30. Qe5 Nf5 31. Kh1 Qe7 32. gxf5 Qxa3 33. f6 a4 34. Qe8+ Qf8 35. Qxf8+ Kxf8 36. bxa4 1-0

[Event "1st Bristol NY Open Tournament"]
[Site "Bristol Bridge & Clifton Chess"]
[Date "2024.12.30"]
[Round "7.11"]
[White "Ward, Andy"]
[Black "Guilfoyle, John M"]
[Result "1/2-1/2"]
[WhiteElo "1890"]
[BlackElo "1983"]
[PlyCount "47"]
[GameId "2138255546696150"]
[EventDate "2024.12.27"]
[SourceTitle "Bristol_NY24_Fide_Open"]
[Source "David Tipper"]
[SourceDate "2025.02.16"]
[SourceVersion "1"]
[SourceVersionDate "2025.02.16"]
[SourceQuality "2"]

1. c4 c5 2. Nc3 b6 3. e4 d6 4. g3 Bb7 5. Bg2 e6 6. Nge2 a6 7. O-O Qc7 8. b3 Nf6 9. d4 cxd4 10. Nxd4 Be7 11. Bb2 O-O 12. Rc1 Nbd7 13. Re1 Rfd8 14. Qe2 Bf8 15. Nc2 Rac8 16. Ne3 Qb8 17. Red1 Qa8 18. f3 Nc5 19. b4 Ncd7 20. a3 Bc6 21. a4 a5 22. b5 Bb7 23. Kh1 Nc5 24. Rc2 1/2-1/2

[Event "1st Bristol NY Open Tournament"]
[Site "Bristol Bridge & Clifton Chess"]
[Date "2024.12.30"]
[Round "7.12"]
[White "Baer, Bruce L"]
[Black "Roberts, Shane"]
[Result "1-0"]
[WhiteElo "1959"]
[BlackElo "1806"]
[PlyCount "103"]
[GameId "2138255546696151"]
[EventDate "2024.12.27"]
[SourceTitle "Bristol_NY24_Fide_Open"]
[Source "David Tipper"]
[SourceDate "2025.02.16"]
[SourceVersion "1"]
[SourceVersionDate "2025.02.16"]
[SourceQuality "2"]

1. Nf3 g6 2. g3 Bg7 3. Bg2 d5 4. d3 Nf6 5. O-O O-O 6. Nbd2 c5 7. e4 Nc6 8. Re1 e5 9. exd5 Nxd5 10. Nc4 Re8 11. Ng5 f5 12. f4 h6 13. Nh3 e4 14. dxe4 fxe4 15. Nf2 Bd4 16. Qe2 Nf6 17. Ne3 Bxe3 18. Bxe3 Nd4 19. Bxd4 cxd4 20. Bxe4 Kg7 21. Qd3 Nxe4 22. Rxe4 Rxe4 23. Qxe4 Bf5 24. Qxb7+ Kh8 25. Re1 Rb8 26. Qc6 Rb6 27. Re8+ Kg7 28. Qxg6+ Kxg6 29. Rxd8 Rxb2 30. Rxd4 Rxa2 31. c4 a5 32. g4 Bc8 33. f5+ Kg7 34. Ne4 a4 35. f6+ Kg6 36. f7 Kxf7 37. Nd6+ Kf6 38. Nxc8 a3 39. Rd3 Kg5 40. Nd6 Ra1+ 41. Kg2 a2 42. Ra3 Rd1 43. Rxa2 Rxd6 44. h3 Rd3 45. Rc2 Kh4 46. c5 Rg3+ 47. Kf2 Kxh3 48. Rc4 Rd3 49. c6 Rd8 50. c7 Rc8 51. Kf3 Kh4 52. Rc5 1-0

[Event "1st Bristol NY Open Tournament"]
[Site "Bristol Bridge & Clifton Chess"]
[Date "2024.12.30"]
[Round "7.13"]
[White "Bain, Oli"]
[Black "Miller, George I"]
[Result "0-1"]
[WhiteElo "1696"]
[BlackElo "1881"]
[PlyCount "74"]
[GameId "2138255546696152"]
[EventDate "2024.12.27"]
[SourceTitle "Bristol_NY24_Fide_Open"]
[Source "David Tipper"]
[SourceDate "2025.02.16"]
[SourceVersion "1"]
[SourceVersionDate "2025.02.16"]
[SourceQuality "2"]

1. d4 d5 2. Nc3 Nf6 3. Bf4 c5 4. e4 dxe4 5. dxc5 Bd7 6. Nge2 Nc6 7. Ng3 e5 8. Be3 Qa5 9. Qd2 Rd8 10. Ngxe4 Nxe4 11. Nxe4 Bf5 12. Qxa5 Nxa5 13. Bb5+ Bd7 14. Bd3 Nc6 15. a3 Be6 16. O-O f5 17. Ng5 Bc8 18. f4 h6 19. Nh3 e4 20. Bc4 Be7 21. Rad1 Bf6 22. c3 Ke7 23. Nf2 Be6 24. Bxe6 Kxe6 25. g4 g6 26. Kg2 Rhg8 27. Rh1 Na5 28. b4 Nc4 29. Bd4 Bxd4 30. Rxd4 Rxd4 31. cxd4 Rd8 32. Rc1 Rxd4 33. Rc3 Kd5 34. h3 Rd2 35. Kf1 e3 36. Rd3+ Kc6 37. Rxd2 Nxd2+ 0-1

[Event "1st Bristol NY Open Tournament"]
[Site "Bristol Bridge & Clifton Chess"]
[Date "2024.12.30"]
[Round "7.14"]
[White "Kumar, Yuvraj"]
[Black "George, Naveen Daniel"]
[Result "1-0"]
[WhiteElo "1673"]
[BlackElo "1483"]
[PlyCount "83"]
[GameId "2138255546696153"]
[EventDate "2024.12.27"]
[SourceTitle "Bristol_NY24_Fide_Open"]
[Source "David Tipper"]
[SourceDate "2025.02.16"]
[SourceVersion "1"]
[SourceVersionDate "2025.02.16"]
[SourceQuality "2"]

1. e4 c5 2. Nc3 d6 3. f4 Nc6 4. Nf3 g6 5. Bb5 Bg7 6. O-O Nh6 7. d3 O-O 8. Bxc6 bxc6 9. Qe1 e6 10. h3 f5 11. e5 Rb8 12. exd6 Qxd6 13. Ne5 Nf7 14. Nc4 Qd8 15. Bd2 Re8 16. Rb1 e5 17. Qg3 Ba6 18. Nxe5 Nxe5 19. fxe5 Bxe5 20. Bf4 Bxf4 21. Qxf4 Qd4+ 22. Kh1 Rbd8 23. Qc7 Rd7 24. Qxc6 Bb7 25. Qb5 Qe3 26. Qc4+ Kh8 27. Kh2 Qd2 28. Rg1 Rd4 29. Qf7 Qf4+ 30. Kh1 Rb8 31. Qf6+ Kg8 32. Qe6+ Kg7 33. Qe7+ Kh6 34. Ne2 Qd2 35. Nxd4 cxd4 36. Qh4+ Kg7 37. Qxd4+ Kh6 38. Qe5 Rc8 39. Qe7 Rb8 40. Rbe1 Qf2 41. Qe3+ Qxe3 42. Rxe3 1-0

[Event "1st Bristol NY Open Tournament"]
[Site "Bristol Bridge & Clifton Chess"]
[Date "2024.12.30"]
[Round "7.15"]
[White "Murdoch, Stephen"]
[Black "Acharya, Kandara"]
[Result "1/2-1/2"]
[WhiteElo "1653"]
[BlackElo "1753"]
[PlyCount "97"]
[GameId "2138255546696154"]
[EventDate "2024.12.27"]
[SourceTitle "Bristol_NY24_Fide_Open"]
[Source "David Tipper"]
[SourceDate "2025.02.16"]
[SourceVersion "1"]
[SourceVersionDate "2025.02.16"]
[SourceQuality "2"]

{[%evp 0,97,11,26,12,0,34,22,22,12,28,4,19,12,4,21,5,26,2,13,29,18,28,31,51,47,64,42,64,41,61,38,98,62,58,66,93,63,71,94,71,76,79,68,6,63,96,49,15,40,47,33,57,37,30,18,3,23,-151,-2,-188,-15,-53,-48,-95,-55,-86,-4,-4,-5,-7,-62,37,-54,-51,-56,-51,-53,-51,-107,-46,-64,-43,127,127,165,133,79,81,63,48,34,107,30,35,-1,126,53,129,-1]} 1. c4 Nf6 2. Nc3 g6 3. g3 Bg7 4. Bg2 O-O 5. e4 d6 6. Nge2 c5 7. O-O Nc6 8. d3 Bg4 9. h3 Bd7 10. Be3 Qc8 11. Kh2 h5 12. Qd2 Kh7 13. Rab1 a6 14. Nd5 Nxd5 15. cxd5 Nd4 16. f4 Nxe2 17. Qxe2 e6 18. dxe6 fxe6 19. g4 hxg4 20. hxg4 Rh8 21. Kg3 Kg8 22. Rh1 Kf7 23. b3 Qc7 24. Bf3 Bc6 25. g5 b6 26. Rxh8 Rxh8 27. Rh1 Qb8 28. Qg2 Rxh1 29. Qxh1 Qh8 30. Qxh8 Bxh8 31. a4 Bc3 32. Bg4 Bd7 33. Kf2 Ke7 34. Ke2 d5 35. e5 d4 36. Bd2 Bxd2 37. Kxd2 Bc6 38. Bd1 Bd5 39. Kc2 Kd7 40. Kb2 Kc6 41. Bh5 Kd7 42. Bxg6 Bf3 43. f5 exf5 44. Bxf5+ Ke7 45. g6 Bh5 46. Kc2 Bf3 47. Bc8 Bh5 48. Bf5 Bf3 49. Bc8 1/2-1/2

[Event "1st Bristol NY Open Tournament"]
[Site "Bristol Bridge & Clifton Chess"]
[Date "2024.12.30"]
[Round "7.16"]
[White "Zheng, Lucas"]
[Black "Jones, Timothy M"]
[Result "1/2-1/2"]
[WhiteElo "1502"]
[BlackElo "1828"]
[PlyCount "37"]
[GameId "2138255546700251"]
[EventDate "2024.12.27"]
[SourceTitle "Bristol_NY24_Fide_Open"]
[Source "David Tipper"]
[SourceDate "2025.02.16"]
[SourceVersion "1"]
[SourceVersionDate "2025.02.16"]
[SourceQuality "2"]

1. e4 c6 2. d4 d5 3. exd5 cxd5 4. Bd3 Nf6 5. c3 Nc6 6. h3 a6 7. Nf3 e6 8. Bf4 Bd6 9. Bxd6 Qxd6 10. O-O O-O 11. Re1 Qc7 12. Nbd2 b5 13. Nf1 b4 14. Ng3 bxc3 15. bxc3 a5 16. Qc2 Ba6 17. Bxa6 Rxa6 18. Qe2 Rb6 19. Nh2 1/2-1/2

[Event "1st Bristol NY Open Tournament"]
[Site "Bristol Bridge & Clifton Chess"]
[Date "2024.12.30"]
[Round "7.17"]
[White "Saha, Soumil"]
[Black "Kong, Emma"]
[Result "0-1"]
[WhiteElo "1577"]
[BlackElo "1772"]
[PlyCount "94"]
[GameId "2138255546700252"]
[EventDate "2024.12.27"]
[SourceTitle "Bristol_NY24_Fide_Open"]
[Source "David Tipper"]
[SourceDate "2025.02.16"]
[SourceVersion "1"]
[SourceVersionDate "2025.02.16"]
[SourceQuality "2"]

{[%evp 0,94,24,-2,7,19,11,21,14,22,20,-17,17,-6,-6,3,4,12,1,5,28,37,33,28,21,32,38,32,22,31,34,19,46,36,-11,27,35,144,35,18,41,51,29,75,34,75,19,56,-45,55,56,74,41,-28,-15,-36,-23,38,-57,-41,-27,-60,-27,9,-14,-43,-84,-66,0,-87,-85,-121,-121,-123,-100,-100,-11,-132,-125,-125,-55,-183,-41,-135,-160,-111,-133,-126,-124,-180,-109,-205,-299,-731,-693,-828,450]} 1. d4 d5 2. c4 e6 3. Nc3 Nf6 4. Bg5 Nbd7 5. cxd5 exd5 6. Qb3 c6 7. Nf3 Be7 8. e3 O-O 9. Bd3 Nh5 10. Bxe7 Qxe7 11. Qc2 g6 12. O-O Ndf6 13. Rfb1 Ng7 14. b4 Bf5 15. b5 c5 16. dxc5 Qxc5 17. Nd4 Bxd3 18. Qxd3 Rac8 19. Nce2 Qd6 20. Rc1 Ng4 21. Nf3 Ne5 22. Nxe5 Qxe5 23. Rd1 Rfd8 24. Qa3 Ne6 25. Qxa7 Qb2 26. Ng3 Rc2 27. Rf1 Rxf2 28. Rxf2 Qxa1+ 29. Nf1 Rd7 30. a4 Qc3 31. a5 Qc7 32. b6 Qc8 33. Rb2 Nd8 34. a6 bxa6 35. b7 Rxb7 36. Qxa6 Qc7 37. Rd2 Qe5 38. Qa5 Rd7 39. Qb5 Qd6 40. e4 d4 41. Ne3 Qc6 42. Qd3 Ne6 43. Nd5 Kg7 44. Kf2 Qd6 45. g3 Qe5 46. Nb6 Nc5 47. Nxd7 Nxd3+ 0-1

[Event "1st Bristol NY Open Tournament"]
[Site "Bristol Bridge & Clifton Chess"]
[Date "2024.12.30"]
[Round "7.18"]
[White "Hawkins, Robert"]
[Black "Griffiths, Hayden"]
[Result "0-1"]
[WhiteElo "1512"]
[BlackElo "1767"]
[PlyCount "130"]
[GameId "2138255546700253"]
[EventDate "2024.12.27"]
[SourceTitle "Bristol_NY24_Fide_Open"]
[Source "David Tipper"]
[SourceDate "2025.02.16"]
[SourceVersion "1"]
[SourceVersionDate "2025.02.16"]
[SourceQuality "2"]

1. d4 d5 2. Nf3 h6 3. e3 Nf6 4. Bd3 Nbd7 5. Nbd2 e6 6. c3 c5 7. O-O Bd6 8. Re1 O-O 9. e4 dxe4 10. Nxe4 Nxe4 11. Bxe4 Qc7 12. Be3 Rd8 13. Qd2 Nf6 14. Bxh6 Ng4 15. Bxg7 Bf4 16. Be5 Qxe5 17. Nxe5 Bxd2 18. Re2 Nxe5 19. Rxd2 Nc4 20. Rc2 cxd4 21. cxd4 Rxd4 22. Bf3 Ne5 23. Be2 Bd7 24. Rac1 Bc6 25. f3 Rad8 26. h3 Rd2 27. Kf1 Ng6 28. Ke1 Rxc2 29. Rxc2 Nf4 30. Kf2 Kh7 31. Kg3 Nd5 32. Rd2 Rg8+ 33. Kf2 Nf4 34. Bf1 Rg5 35. g3 Nh5 36. g4 Nf6 37. Bd3+ Kg7 38. Be2 Rd5 39. Rxd5 Nxd5 40. Bc4 Nf4 41. Kg3 Bd5 42. Bf1 Ng6 43. b3 Ne5 44. Be2 Nc6 45. Bd3 Nd4 46. f4 a5 47. Kf2 Kf6 48. g5+ Kg7 49. Kg3 Nxb3 50. f5 exf5 51. Bxf5 Nd4 52. Bb1 Ne2+ 53. Kg4 Be6+ 54. Kf3 Nc3 55. Bc2 Nxa2 56. h4 Nb4 57. Ba4 Nd5 58. h5 Nc3 59. Bc2 a4 60. h6+ Kh8 61. Bxa4 Nxa4 62. Ke4 Kh7 63. Ke5 b5 64. Kd4 b4 65. Kd3 b3 0-1

[Event "1st Bristol NY Open Tournament"]
[Site "Bristol Bridge & Clifton Chess"]
[Date "2024.12.30"]
[Round "7.19"]
[White "Mussa, Rayyan"]
[Black "Taylor, Noah"]
[Result "1-0"]
[WhiteElo "1615"]
[BlackElo "1498"]
[PlyCount "79"]
[GameId "2138255546700254"]
[EventDate "2024.12.27"]
[SourceTitle "Bristol_NY24_Fide_Open"]
[Source "David Tipper"]
[SourceDate "2025.02.16"]
[SourceVersion "1"]
[SourceVersionDate "2025.02.16"]
[SourceQuality "2"]

1. e4 c5 2. Nf3 d6 3. Bb5+ Nc6 4. O-O g6 5. Re1 Bg7 6. c3 Nf6 7. h3 O-O 8. d4 cxd4 9. cxd4 a6 10. Bf1 e6 11. Nc3 d5 12. e5 Nd7 13. Bf4 b5 14. a3 Nb6 15. Rc1 Bb7 16. Bg5 Qd7 17. Nh2 Rac8 18. Ng4 Qc7 19. Qd2 h5 20. Nf6+ Kh8 21. Qf4 Bxf6 22. Bxf6+ Kh7 23. Qh4 Nd7 24. Bd3 Nxf6 25. exf6 Rh8 26. Qxh5+ Kg8 27. Qg4 Re8 28. Nxd5 Qd7 29. Bxg6 fxg6 30. Qxg6+ Kf8 31. Ne7 Rxe7 32. fxe7+ Nxe7 33. Qf6+ Kg8 34. Qxe6+ Qxe6 35. Rxe6 Kf7 36. Rxe7+ Kxe7 37. Rc7+ Kd6 38. Rxb7 Kc6 39. Rg7 Rd8 40. Rg6+ 1-0

[Event "1st Bristol NY Open Tournament"]
[Site "Bristol Bridge & Clifton Chess"]
[Date "2024.12.30"]
[Round "7.20"]
[White "Sharp, Nigel"]
[Black "Mussa, Adam"]
[Result "1-0"]
[WhiteElo "1681"]
[BlackElo "1259"]
[PlyCount "117"]
[GameId "2138255546700255"]
[EventDate "2024.12.27"]
[SourceTitle "Bristol_NY24_Fide_Open"]
[Source "David Tipper"]
[SourceDate "2025.02.16"]
[SourceVersion "1"]
[SourceVersionDate "2025.02.16"]
[SourceQuality "2"]

1. e4 e6 2. d4 d5 3. Nc3 dxe4 4. Nxe4 Nd7 5. Nf3 Ngf6 6. Bd3 c5 7. O-O Qb6 8. c3 Nxe4 9. Bxe4 Nf6 10. Qc2 Bd7 11. dxc5 Bxc5 12. b4 Bd6 13. Be3 Qc7 14. Bd2 O-O 15. h3 Rac8 16. Rac1 Rfd8 17. Bg5 Be7 18. Bxh7+ Nxh7 19. Bxe7 Re8 20. Bg5 e5 21. Be3 Re6 22. Rfd1 Rg6 23. Nh4 Ra6 24. Rd2 Qd8 25. Nf5 Rac6 26. Bc5 b6 27. Ne7+ Kh8 28. Nxc6 Rxc6 29. Rcd1 Rc7 30. Bd6 Rb7 31. Qe4 Qc8 32. Bxe5 f6 33. Bf4 Nf8 34. Bd6 Ne6 35. Qg6 Ba4 36. Re1 Ng5 37. Rde2 Nf7 38. Re7 Rxe7 39. Rxe7 Be8 40. Bg3 Kg8 41. Bh4 Kf8 42. Re3 Ng5 43. Qd3 Bh5 44. Bxg5 fxg5 45. Qd6+ Kg8 46. Qe6+ Qxe6 47. Rxe6 Bf7 48. Re7 Bxa2 49. Rxa7 Bc4 50. f3 Kh7 51. Kf2 Kg6 52. Ke3 b5 53. Kd4 Bf1 54. Ra2 Bc4 55. Kc5 Bxa2 56. Kxb5 Bd5 57. c4 Ba8 58. c5 Kf6 59. c6 1-0

[Event "1st Bristol NY Open Tournament"]
[Site "Bristol Bridge & Clifton Chess"]
[Date "2024.12.30"]
[Round "7.21"]
[White "Sun, Lydia"]
[Black "Farms, Edward"]
[Result "0-1"]
[WhiteElo "1268"]
[BlackElo "1549"]
[PlyCount "62"]
[GameId "2138255546700256"]
[EventDate "2024.12.27"]
[SourceTitle "Bristol_NY24_Fide_Open"]
[Source "David Tipper"]
[SourceDate "2025.02.16"]
[SourceVersion "1"]
[SourceVersionDate "2025.02.16"]
[SourceQuality "2"]

1. e4 d6 2. d4 Nf6 3. Nc3 Nbd7 4. Nf3 e5 5. Bc4 c6 6. O-O Be7 7. Re1 O-O 8. a3 b5 9. Bd3 h6 10. b4 Nb6 11. dxe5 dxe5 12. Nxe5 Qc7 13. Nf3 Bg4 14. h3 Bh5 15. Bb2 Rad8 16. Qe2 Rfe8 17. Rad1 Nbd7 18. Qe3 a5 19. bxa5 Bc5 20. Qe2 Qxa5 21. Ra1 Ne5 22. g4 Nxf3+ 23. Qxf3 Bg6 24. Ne2 Bxe4 25. Bxe4 Nxe4 26. Rf1 Nd2 27. Qf5 Rd5 28. Bc3 Qb6 29. Qf4 Rxe2 30. g5 Bd6 31. Qg4 Rxg5 0-1

[Event "1st Bristol NY Open Tournament"]
[Site "Bristol Bridge & Clifton Chess"]
[Date "2024.12.30"]
[Round "7.23"]
[White "Jennings, Michael"]
[Black "Hu, Hector"]
[Result "1/2-1/2"]
[WhiteElo "1441"]
[BlackElo "1405"]
[PlyCount "74"]
[GameId "2138255546700258"]
[EventDate "2024.12.27"]
[SourceTitle "Bristol_NY24_Fide_Open"]
[Source "David Tipper"]
[SourceDate "2025.02.16"]
[SourceVersion "1"]
[SourceVersionDate "2025.02.16"]
[SourceQuality "2"]

1. e4 c6 2. c4 d5 3. cxd5 cxd5 4. exd5 Qxd5 5. Nc3 Qd8 6. d4 Nf6 7. Nf3 Bg4 8. Be2 Nc6 9. h3 Bh5 10. d5 Nb8 11. O-O e6 12. dxe6 Qxd1 13. exf7+ Bxf7 14. Rxd1 Be7 15. Ng5 Bg6 16. Bc4 Nc6 17. Ne6 Rc8 18. Nb5 Kf7 19. Nd6+ Bxd6 20. Rxd6 Ne7 21. Ng5+ Ke8 22. Bb5+ Kf8 23. Be3 a6 24. Ba4 h6 25. Nf3 Nf5 26. Rd2 Nxe3 27. fxe3 Ke7 28. Rad1 Rhd8 29. Rxd8 Rxd8 30. Rxd8 Kxd8 31. Nd4 Ke7 32. Bc2 Bxc2 33. Nxc2 Ke6 34. Kf2 Ne4+ 35. Ke2 Kd5 36. Kd3 Nc5+ 37. Kd2 Ke4 1/2-1/2

[Event "1st Bristol NY Open Tournament"]
[Site "Bristol Bridge & Clifton Chess"]
[Date "2024.12.30"]
[Round "7.24"]
[White "Fearnhead, Joseph T"]
[Black "Soleimani, Avina"]
[Result "0-1"]
[WhiteElo "1579"]
[BlackElo "1508"]
[PlyCount "90"]
[GameId "2138255546700259"]
[EventDate "2024.12.27"]
[SourceTitle "Bristol_NY24_Fide_Open"]
[Source "David Tipper"]
[SourceDate "2025.02.16"]
[SourceVersion "1"]
[SourceVersionDate "2025.02.16"]
[SourceQuality "2"]

1. d4 Nf6 2. Nc3 g6 3. e4 d6 4. Bf4 Bg7 5. Qd2 O-O 6. O-O-O Re8 7. Bh6 Nbd7 8. Bxg7 Kxg7 9. h4 e5 10. h5 Nxh5 11. Rxh5 gxh5 12. Be2 c6 13. Nf3 Qf6 14. Kb1 Qg6 15. Nh4 Qf6 16. Nf5+ Kh8 17. Bxh5 Nb6 18. Bxf7 Rf8 19. Bh5 Bxf5 20. exf5 Qxf5 21. Bf3 Rae8 22. Be4 Qxf2 23. Qh6 Qf7 24. Bf3 Qg7 25. Qh2 exd4 26. Ne2 Nc4 27. b3 d3 28. bxc4 dxe2 29. Re1 Qc3 30. Qh4 Rf4 31. Qf2 Qd2 32. Rxe2 Rxe2 33. Qxe2 Qxe2 34. Bxe2 Rf5 35. Kb2 d5 36. cxd5 Rxd5 37. Bf3 Rb5+ 38. Kc3 Rg5 39. Kb3 h5 40. a4 h4 41. c3 Rg3 42. Be4 Rg4 43. Bf3 Rf4 44. Be2 Rf2 45. Bf3 Rxf3 0-1